000 00950nam a2200241 i 4500
001 188078
003 SpMaBN
005 20251012204619.0
008 180425s1997 sp a |||| | spa d
020 _a84-451-1249-X
080 _a7 Picasso, Pablo:069.5(460.237 M.)
110 2 _aMuseo Picasso, Colección Eugenio Arias.
_9226216
245 1 0 _aMuseo Picasso
_b: Colección Eugenio Arias : Buitrago de Lozoya, Madrid /
_c[prólogo de Eugenio Arias Herranz].
246 3 4 _aPicasso
260 _a[Madrid] :
_bDirección General de Patrimonio Cultural,
_c[1997]
300 _a79 p. :
_bil. col. ;
_c22 cm.
600 1 4 _aPicasso, Pablo,
_d1881-1973
_991794
610 2 7 _aMuseo Picasso, Colección Eugenio Arias.
_9226216
700 1 _aArias Herranz, Eugenio,
_d1909-2008
_9164679
710 1 _aMadrid (Comunidad Autónoma).
_bDirección General de Patrimonio Cultural.
_95616
852 _aES-MaACL
_jL-31968
999 _c188078
_d188078